| Tag |
First Indicator |
Second Indicator |
Subfields |
| LEADER |
00000cam a2200000 a 4500 |
| 001 |
in00000036091 |
| 005 |
20151007055347.0 |
| 008 |
791008s1864 vau 00000 eng |
| 010 |
|
|
|a 03011086
|
| 035 |
|
|
|a (OCoLC)05502687
|
| 035 |
|
|
|9 AAB8025AM
|
| 040 |
|
|
|a DLC
|c MUS
|d MHS
|d TXA
|d UtOrBLW
|
| 043 |
|
|
|a n-us-ga
|
| 049 |
|
|
|a TXAM
|c [A11651112]
|
| 050 |
0 |
0 |
|a E475.81
|b .C74
|
| 110 |
1 |
|
|a Confederate States of America.
|b Army of Tennessee.
|
| 245 |
1 |
0 |
|a Official report of the Battle of Chickamauga.
|
| 264 |
|
1 |
|a Richmond :
|b R.M. Smith, public printer,
|c 1864.
|
| 300 |
|
|
|a 234 pages ;
|c 23 cm.
|
| 336 |
|
|
|a text
|b txt
|2 rdacontent
|
| 337 |
|
|
|a unmediated
|b n
|2 rdamedia
|
| 338 |
|
|
|a volume
|b nc
|2 rdacarrier
|
| 500 |
|
|
|a Reports of General Bragg and subordinate commanders, transmitted to Congress, May 19, 1864.
|
| 500 |
|
|
|a "Published by order of Congress."
|
| 650 |
|
0 |
|a Chickamauga, Battle of, Ga., 1863.
|
| 999 |
|
|
|a MARS
|
| 999 |
f |
f |
|s c5aaa9d4-9f61-3bf9-a9fa-508521c3a934
|i c9043388-721f-37ca-8052-5c3b0c92bafa
|t 0
|
| 952 |
f |
f |
|p normal
|a Texas A&M University
|b College Station
|c Sterling C. Evans Library
|d Evans: Library Stacks
|t 0
|e E475.81 .C74
|h Library of Congress classification
|i unmediated -- volume
|m A14811651112
|
| 998 |
f |
f |
|a E475.81 .C74
|t 0
|l Evans: Library Stacks
|